10 to 1: Breakfast Quiz Stats

 Plays Quiz Updated Jul 3, 2017

Support Sporcle.
Go Orange.
Score 0/55 Timer 10:00
21 Plays Today
% Correct
Hard-Boiled
95.6%
Scrambled
95.4%
Poached
94.9%
Omelet
94.3%
Soft-Boiled
94%
Sunny-Side Up
93.3%
Over-Easy
93.2%
Cap'n Crunch
90.9%
Rice Krispies
90%
Yoplait
89.3%
Froot Loops
88.9%
Activia
88.7%
Cocoa Puffs
88.1%
Cheerios
87.5%
Wheaties
87%
Siggi's Dairy
85.1%
Orange
85%
Baked
84.9%
Dannon
84.8%
Golden Grahams
84.4%
Chocolate Frosted
84.4%
Coffee
84.2%
Hash Browns
84.1%
Pink Hearts
83.8%
Stonyfield Farm
83.5%
Boston Kreme
82.9%
Green Clovers
82.9%
Yellow Moons
82.9%
% Correct
Blue Raspberry
82.5%
Rice Chex
82.5%
Orange Stars
82.3%
Grapefruit
82.2%
Brown Sugar Cinnamon
80.5%
Eggs
80.4%
Chobani
80.1%
Cookies & Creme
79.7%
Cranberry
79.4%
Chocolate Glazed Cake
78.3%
Jelly-Filled
77.2%
Sausage
77.1%
Chocolate Chip
76.7%
Tillamook
75.4%
Trix
74.2%
Western
73.8%
Hotcakes
73.4%
Cherry
72.8%
Denver
72.3%
Basted
72.2%
Glazed
71.3%
Shirred
69.1%
Brown Cow
68.9%
Biscuit
68.1%
Powdered
67.8%
Hot Fudge Sundae
66.5%
Plain Stick
40.2%

You're not logged in!

Compare scores with friends on all Sporcle quizzes.
OR
Log In
Forgot?

From the Vault

SO Close to .400

by Hejman

Somewhere, Ted Williams is laughing at them all.
Remove Ads.
Support Sporcle.
Get the best of Sporcle when you Go Orange. This ad-free experience offers more features, more stats, and more fun while also helping to support Sporcle. Thank you for becoming a member.

Show Comments

Extras

Top Quizzes Today


Score Distribution

Your Account Isn't Verified!

In order to create a playlist on Sporcle, you need to verify the email address you used during registration. Go to your Sporcle Settings to finish the process.

Report this User

Report this user for behavior that violates our Community Guidelines.

Details: